00815nam a22001697a 4500008004100000040005500041080002000096245011300116260005200229300001000281650001400291653001900305942001300324999001700337952014400354952014700498230616b |||||||| |||| 00| 0 eng d aNational Science LibrarycNational Science Library a621.74(063)bK6 aConference techniques papers and communications technische vortrage c/XXXIII International foundry congress aIndia: bInternational foundry congress, c1966 a178p. aEconomic  aCommunication  2udccREF c44339d44339 00102udc40662174063_K670967124aNSLbNSLcGF/Rk-13/C-6/R-5d1966-12-12l0o621.74(063) K6p19248r2023-06-16 00:00:00w2023-06-16yREF 00102udc40662174063_K6170967130aNSLbNSLcGF/Rk-13/C-6/R-5d1968-04-05l0o621.74(063) K6.1p22590r2023-06-16 00:00:00w2023-06-16yREF